Rekordtransfers: Eintracht Frankfurt - Statistiken

Allgemein
  • Dieses Quiz wurde 141 mal gespielt
    120 seit der letzten Aktualisierung
  • Das Durchschnittsergebnis liegt bei 15 aus 22
Antwortstatistiken
Spieler % Korrekt
Kevin Trapp
91%
Luka Jović
89%
Djibril Sow
86%
Filip Kostić
83%
Ansgar Knauff
81%
Willian Pacho
78%
Hugo Larsson
77%
Jesper Lindström
74%
Lucas Alario
74%
Martin Hinteregger
74%
Sébastien Haller
73%
Ante Rebić
72%
Evan Ndicka
69%
Junior Dina Ebimbe
67%
Jens Petter Hauge
64%
Paxten Aaronson
59%
Sebastian Rode
59%
Bas Dost
50%
Dominik Kohr
45%
Carlos Salcedo
41%
Dejan Joveljić
37%
Jetro Willems
37%
Keine übereinstimmenden Quizze gefunden
Verteilung der Resultate
Anzahl Personen mit jedem Resultat
Perzentil nach korrekt beantworteten Fragen
Ihre Resultats-Entwicklung
Sie haben dieses Quiz seit der letzten Aktualisierung nicht gespielt